000 00471nam a22001697a 4500
005 20251108171022.0
008 250721s1986 xx 000 0 ara d
082 1 4 _a885/ارس
100 1 _aطاليس، ارسطو
245 1 0 _aفن الخطابة /
250 _aط2
264 1 _aبغداد :
_bدار الشؤون الثقافيه العامه،
_c1986.
300 _a287ص
650 1 7 _aالخطابة اليونانيه
942 _2ddc
_cBK
999 _c54533
_d54533